000 00934nam a2200265 a 4500
001 nice12345678
003 IN_TiNIC
005 20260116012911.0
008 050524s1962 laha grp 000 0 urd
020 _a
_c100
082 0 0 _a891.439
_bKHA
100 _aKhan, Syed Ahmed
245 _aMaqalat-E-sir Syed
260 _aLahore
_bMajlis-I-Kabir
_c1962
300 _a536p
500 _aincludes index and biblioraphy
505 2 _aIndex
505 2 _aIndex00
_gV01.
_tMaqalat-E-sir Syed.--
_gV02.
_tMaqalat-E-sir Syed.--
_gV03.
_tMaqalat-E-sir Syed.--
_gV04.
_tMaqalat-E-sir Syed.--
_gV05.
_tMaqalat-E-sir Syed.--
_gV06.
_tMaqalat-E-sir Syed.--
_gV07.
_tMaqalat-E-sir Syed.--
_gV08.
_tMaqalat-E-sir Syed.--
_gV09.
_tMaqalat-E-sir Syed.--
_gV10.
_tMaqalat-E-sir Syed.--
_gV11.
_tMaqalat-E-
650 _aUrdu-Literature
650 _aSyed Ahmed Khan-Islam
700 1 _aKhan, Syed Ahmed
902 _bSRS
942 _cBK
999 _c8817
_d8817